000 00405pam a2200157a 44500
008 230515b1987 xxu||||| |||| 00| 0 eng d
020 _aNULL
041 _aENGLISH
082 _a1.642 /LIP/POE
100 _aPOE A. / LIPSCHTZS
245 _aSCHAUMS OUTLINE SERIES THEORY AND PROBLEMS OF PROGRAMMING WITH FORTRAN
250 _aNULL
260 _aNULL
_bMGP
_c1987
300 _a314 PB
650 _aNULL
999 _c619459
_d619459